Storage networks explained: (Record no. 189306)
[ view plain ]
| 000 -LEADER | |
|---|---|
| fixed length control field | 00889nam a2200241Ia 4500 |
| 005 - DATE AND TIME OF LATEST TRANSACTION | |
| control field | 20230224104649.0 |
| 008 - FIXED-LENGTH DATA ELEMENTS--GENERAL INFORMATION | |
| fixed length control field | 210716s2008 xx 000 0 und d |
| 020 ## - INTERNATIONAL STANDARD BOOK NUMBER | |
| International Standard Book Number | 9788126518326 |
| 040 ## - CATALOGING SOURCE | |
| Transcribing agency | AIMIT LIBRARY |
| 041 ## - LANGUAGE CODE | |
| Language code of text/sound track or separate title | eng |
| 082 ## - DEWEY DECIMAL CLASSIFICATION NUMBER | |
| Classification number | 004.65 |
| Edition number | 1 |
| Item number | TROU |
| 100 ## - MAIN ENTRY--PERSONAL NAME | |
| Personal name | Troppens, Ulf. |
| 9 (RLIN) | 73187 |
| 245 ## - TITLE STATEMENT | |
| Title | Storage networks explained: |
| Remainder of title | basics and applications of fibre channel san, nas, iscsi and infiniband / |
| Statement of responsibility, etc. | By Uif Troppens; Rainer Erkens and Wolfgang Miiller. |
| 250 ## - EDITION STATEMENT | |
| Edition statement | 1st ed. |
| 260 ## - PUBLICATION, DISTRIBUTION, ETC. | |
| Place of publication, distribution, etc. | New Delhi : |
| Name of publisher, distributor, etc. | Wiley India , |
| Date of publication, distribution, etc. | 2008. |
| 300 ## - PHYSICAL DESCRIPTION | |
| Extent | xxxi,400p. ; |
| Dimensions | 23 cm. |
| 650 ## - SUBJECT ADDED ENTRY--TOPICAL TERM | |
| Topical term or geographic name entry element | Technologies for storage networks |
| 9 (RLIN) | 73188 |
| 650 ## - SUBJECT ADDED ENTRY--TOPICAL TERM | |
| Topical term or geographic name entry element | File systems and network attached storage |
| 9 (RLIN) | 73189 |
| 650 ## - SUBJECT ADDED ENTRY--TOPICAL TERM | |
| Topical term or geographic name entry element | Application and management of storage networks |
| 9 (RLIN) | 73190 |
| 700 ## - ADDED ENTRY--PERSONAL NAME | |
| Personal name | Erkens, Rainer. |
| 9 (RLIN) | 73191 |
| 700 ## - ADDED ENTRY--PERSONAL NAME | |
| Personal name | Miiler, Wolfgang |
| 9 (RLIN) | 73192 |
| 942 ## - ADDED ENTRY ELEMENTS (KOHA) | |
| Source of classification or shelving scheme | Dewey Decimal Classification |
| Koha item type | Book |
| Edition | 1st |
| Call number prefix | 004.65 TROU |
| Withdrawn status | Lost status | Source of classification or shelving scheme | Damaged status | Not for loan | Collection code | Home library | Current library | Source of acquisition | Cost, normal purchase price | Inventory number | Total Checkouts | Full call number | Barcode | Date last seen | Cost, replacement price | Price effective from | Koha item type |
|---|---|---|---|---|---|---|---|---|---|---|---|---|---|---|---|---|---|
| Dewey Decimal Classification | MCA | St Aloysius Institute of Management & Information Technology | St Aloysius Institute of Management & Information Technology | Current Books | 299.00 | Billno:700011;Bill dt:2009-02-04 | 004.65 TROU | MCA08814 | 07/21/2025 | 224.25 | 07/16/2021 | Book | |||||
| Dewey Decimal Classification | MCA | St Aloysius Institute of Management & Information Technology | St Aloysius Institute of Management & Information Technology | Higginbothams Pvt Ltd | 319.00 | Billno:9848;Bill dt:2009-09-15 | 004.65 TROU | MCA09273 | 07/21/2025 | 239.25 | 07/16/2021 | Book | |||||
| Dewey Decimal Classification | MCA | St Aloysius Institute of Management & Information Technology | St Aloysius Institute of Management & Information Technology | Higginbothams Pvt Ltd | 319.00 | Billno:312; Billdt:2004-03-02 | 004.65 TROU | MCA09673 | 07/21/2025 | 239.25 | 07/16/2021 | Book | |||||
| Dewey Decimal Classification | MCA | St Aloysius Institute of Management & Information Technology | St Aloysius Institute of Management & Information Technology | Higginbothams Pvt Ltd | 319.00 | Billno:312; Bill dt:2004-03-02 | 004.65 TROU | MCA09674 | 07/21/2025 | 239.25 | 07/16/2021 | Book |